Greek Mythology (P) - Statistics

General Stats
  • This quiz has been taken 105 times
  • The average score is 6 of 10
Answer Stats
Hint Answer % Correct
Who was Hera's Brother that rules the sea? Poseidon
94%
Who gave Fire to the Humans? Prometheus
90%
Who ate the Pomegranate? Persephone
89%
Who had legs and horns of a goat (Satyr)? Pan
77%
What creature sprang from Medusa's neck? Pegasus
59%
Who had choose the Prettiest Greek God? Paris
58%
Who Was The First Mortal Woman? Pandora
57%
What creature flies with fire? Phoenix
22%
Who burned Eros with a Oil Lamp? Pysche
13%
Who sliced Medusa's Head off? Peruses
0%
No matching quizzes found
Score Distribution
Percent of People with Each Score
Percentile by Number Answered
Your Score History
You have not taken this quiz